000 00796nam a2200265 a 4500
008
020 _a007071116X (hbk. )
049 _aMAIN
090 _aTA683.2 WIN
100 1 _aWinter, George
245 1 0 _aDesign of concrete structures /
_cGeorge Winter and Arthur H. Nilson.
260 _aNew York :
_bMcGraw-Hill,
_c1979.
300 _a9th ed.
300 _axiii, 647 p. :
_bill. ;
_c24 cm.
500 _aIncludes index.
500 _aIncludes bibliographical references.
650 1 _aReinforced concrete construction
650 _aPrestressed concrete construction.
700 _aNilson, Arthur H.
907 _a.b10170078
_b06-04-17
_c01-08-05
003
005 20230123134125.0
040 _cNUST
942 _cBOOKS
_kTA683.2 WIN
999 _c160437
_d160437